Information consultancy (Record no. 1028)

MARC details
000 -LEADER
fixed length control field 00415nam a2200145Ia 4500
020 ## - INTERNATIONAL STANDARD BOOK NUMBER
ISBN 0-85157-426-2
082 ## - DEWEY DECIMAL CLASSIFICATION NUMBER
Classification number 023.2 GUR-;
100 ## - MAIN ENTRY--AUTHOR NAME
Personal name Gurnsey, John
245 #0 - TITLE STATEMENT
Title Information consultancy
260 ## - PUBLICATION, DISTRIBUTION, ETC. (IMPRINT)
Place of publication London
Name of publisher Clive Bingley
Year of publication 1989
300 ## - PHYSICAL DESCRIPTION
Number of Pages 174p.
650 ## - SUBJECT ADDED ENTRY--TOPICAL TERM
Topical Term Libraries - Information services - Information consultants - Information scientists - Consultants
700 ## - ADDED ENTRY--PERSONAL NAME
Personal name White, Martin S.
942 ## - ADDED ENTRY ELEMENTS (KOHA)
Koha item type Books
Holdings
Withdrawn status Lost status Damaged status Not for loan Home library Current library Date acquired Bill Date Full call number Accession Number Price effective from Koha item type
        NASSDOC Library NASSDOC Library 08/06/2004 2004-10-22 023.2 GUR-; 28562 18/04/2019 Books